[Event "URS-ch otbor56"]
[Site "Barnaul"]
[Date "1988.??.??"]
[Round "?"]
[White "Epishin, Vladimir"]
[Black "Meister, Yakov"]
[Result "1/2-1/2"]
[WhiteElo "2475"]
[BlackElo "2385"]

1.d4 d5 2.c4 dxc4 3.Nf3 a6 4.e3 Nf6 5.Bxc4 e6 6.Qe2 c5 7.dxc5 Bxc5 8.O-O Nc6
9.Nbd2 O-O 10.a3 Qe7 11.b4 Bd6 12.Bb2 e5 13.Ng5 Bg4 14.f3 Bf5 15.Nde4 Ne8
16.Bd5 h6 17.Nxd6 Nxd6 18.Ne4 Nxe4 19.fxe4 Bd7 20.Qh5 Be8 21.Rf5 Kh7 22.Bxc6 Bxc6
23.Rxe5 Qf6 24.Rf1 Qg6 25.Qxg6+ Kxg6 26.Rf3 Kh7 27.Rg3 g6 28.Rf3 Kg8 29.Rh3 Kh7
30.Rf3 Kg8 31.Rf4 Rae8 32.Rxe8 Rxe8 33.e5 Bd5 34.Rd4 Be6 35.Rd2 Rc8 36.Bd4 Rc1+
37.Kf2 Bb3 38.Bc5 Rc2 39.Rxc2 Bxc2 40.Kf3 Ba4 41.e4 Bc6 42.Ke3 Kg7 43.Be7 g5
44.Bf6+ Kg6 45.Kf3 Bd7  1/2-1/2

[Event "Beersheba"]
[Site "Beersheba"]
[Date "1988.??.??"]
[Round "?"]
[White "Greenfeld, Alon"]
[Black "Lev, Ronen"]
[Result "1-0"]
[WhiteElo "2510"]
[BlackElo "2390"]

1.d4 d5 2.c4 dxc4 3.Nf3 c5 4.d5 e6 5.Nc3 exd5 6.Qxd5 Qxd5 7.Nxd5 Bd6 8.Nd2 Nc6
9.Nxc4 Bb8 10.e4 Nd4 11.Bd3 Ne7 12.Be3 Be6 13.O-O Nec6 14.a4 O-O 15.Rad1 f5
16.f3 Rd8 17.Bb1 fxe4 18.fxe4 Bg4 19.Rd2 h6 20.b4 b6 21.Bxd4 Nxd4 22.Rdf2 Ne6
23.h3 Bg3 24.hxg4 Bxf2+ 25.Rxf2 cxb4 26.Kh2 b3 27.Ne7+ Kh8 28.e5 Ng5 29.Nd6 Rd7
30.Ng6+ Kg8 31.Bd3 Rc7 32.Bc4+ Kh7 33.Nf8+ Kh8 34.Bxb3 Rd8 35.Be6 Rc5 36.Nb7  1-0

[Event "GMA-Open"]
[Site "Belgrade"]
[Date "1988.??.??"]
[Round "?"]
[White "Vaisser, Anatoli"]
[Black "Bykhovsky, Avigdor"]
[Result "0-1"]
[WhiteElo "2530"]
[BlackElo "2445"]

1.d4 d5 2.c4 dxc4 3.Nf3 a6 4.e3 c5 5.Bxc4 e6 6.a4 Nf6 7.O-O Nc6 8.Qe2 cxd4
9.Rd1 Be7 10.exd4 O-O 11.Nc3 Nb4 12.Bg5 Nfd5 13.Nxd5 Nxd5 14.h4 f6 15.Bd2 Bd7
16.Re1 Rf7 17.h5 Rc8 18.b3 Bd6 19.Qe4 h6 20.Bxd5 exd5 21.Qg6 Be8 22.Nh4 Re7
23.Qg4 Bd7 24.Qf3 Be6 25.Nf5 Bxf5 26.Qxf5 Rf7 27.Qg6 Qb6 28.Bxh6 Qxd4 29.Rad1 Qb4
30.Be3 Qxb3 31.h6 Rcf8 32.Bd4 Qxa4 33.Bxf6 Qf4 34.hxg7 Qh2+ 35.Kf1 Qh1+ 36.Ke2 Re8+
37.Kf3 Rxe1 38.Rxd5 Re6  0-1

[Event "GMA-Open"]
[Site "Belgrade"]
[Date "1988.??.??"]
[Round "?"]
[White "Ruban, Vadim"]
[Black "Marjanovic, Slavoljub"]
[Result "1/2-1/2"]
[WhiteElo "2395"]
[BlackElo "2485"]

1.d4 d5 2.c4 dxc4 3.Nf3 a6 4.e3 Nf6 5.Bxc4 e6 6.Qe2 c5 7.dxc5 Bxc5 8.O-O Qc7
9.a3 Nc6 10.b4 Bd6 11.Bb2 Ne5 12.Nbd2 b5 13.Ba2 Bb7 14.Bxe5 Bxe5 15.Rac1 Qb8
16.Nxe5 Qxe5 17.Nb3 Bd5 18.Nd4 Ng4 19.Qxg4 Bxa2 20.Nc6 Qb2 21.Qd1 Bd5 22.e4 Bxc6
23.Qd6 Bxe4 24.Rc7 Qf6 25.Qd7+ Kf8 26.Rc8+ Rxc8 27.Qxc8+ Ke7 28.Qxh8 Bxg2
29.Kxg2 Qg6+ 30.Kh1 Qe4+ 31.f3 Qe2 32.Kg1 Qe3+ 33.Kg2 Qd2+  1/2-1/2

[Event "GMA-Open"]
[Site "Belgrade"]
[Date "1988.??.??"]
[Round "?"]
[White "Yakovich, Yuri"]
[Black "Lin Ta"]
[Result "1/2-1/2"]
[WhiteElo "2450"]
[BlackElo "2380"]

1.d4 d5 2.c4 dxc4 3.Nf3 a6 4.e3 e6 5.Bxc4 c5 6.O-O Nf6 7.Bd3 cxd4 8.exd4 Be7
9.Bg5 O-O 10.Nc3 b5 11.a4 b4 12.Ne4 Nbd7 13.a5 Bb7 14.Qe2 h6 15.Bd2 Nxe4
16.Bxe4 Bxe4 17.Qxe4 Nf6 18.Qd3 Qd5 19.Rfc1 Rfd8 20.Bf4 Bd6 21.Bxd6 Qxd6
22.Rc4 Nd5 23.Rac1 Ne7 24.h3 Rac8 25.Rxc8 Nxc8 26.Qb3 Ne7 27.Rc4 Rb8 28.Rc5 Nf5
29.Qc4 b3 30.Rc6 Qd8 31.Rxa6 Rc8 32.Qxb3 Rc1+ 33.Kh2 Qc7+ 34.Ne5 Rh1+ 35.Kxh1 Qc1+
36.Kh2 Qf4+  1/2-1/2

[Event "GMA-Open"]
[Site "Belgrade"]
[Date "1988.??.??"]
[Round "?"]
[White "Epishin, Vladimir"]
[Black "Lin Ta"]
[Result "0-1"]
[WhiteElo "2475"]
[BlackElo "2380"]

1.d4 d5 2.c4 dxc4 3.Nf3 a6 4.e3 e6 5.Bxc4 c5 6.O-O Nf6 7.Bd3 cxd4 8.exd4 Be7
9.Qe2 Nc6 10.Rd1 Nb4 11.Bc4 b5 12.Bb3 O-O 13.Ne5 Bb7 14.Nc3 Nbd5 15.a4 b4
16.Ne4 Nxe4 17.Qxe4 Rc8 18.Bc2 g6 19.Bh6 Qc7 20.Rd2 Rfd8 21.Qg4 Bf6 22.Re1 Qe7
23.Bb3 a5 24.Rd3 Bg7 25.Bxg7 Kxg7 26.h4 Nf6 27.Qg5 Rc7 28.Bc4 Nh5 29.Qxe7 Rxe7
30.g3 Rc7 31.b3 Nf6 32.Bb5 Rc2 33.Nc4 Ne4 34.Nxa5 Ba8 35.Rf1 g5 36.Nc4 gxh4
37.gxh4 Rg8 38.Kh2 Kf8 39.Rf3 f5 40.Ne3 Nd2 41.Rf4 Nxf1+ 42.Bxf1 Rc1 43.a5 Kf7
44.a6 Kf6 45.d5 Ke5 46.Rxb4 f4 47.Nc4+ Kf6 48.Bg2 Rc2 49.Rb6 Rxf2 50.Rxe6+ Kg7
51.Kg1 Rxg2+ 52.Kxg2 Bxd5+ 53.Kf2 Bxe6 54.Nb6 Bc8 55.a7 Bb7 56.b4 Ra8 57.Nxa8 Bxa8
58.b5 Kf6 59.b6 Ke5 60.h5 Kd6  0-1

[Event "GMA-Open"]
[Site "Belgrade"]
[Date "1988.??.??"]
[Round "?"]
[White "Razuvaev, Yuri S"]
[Black "Fedorov, Vladislav"]
[Result "1-0"]
[WhiteElo "2535"]
[BlackElo "2400"]

1.d4 d5 2.Nf3 c5 3.c4 dxc4 4.Nc3 e6 5.d5 exd5 6.Qxd5 Qxd5 7.Nxd5 Bd6 8.Nd2 Nc6
9.Nxc4 Bb8 10.Bf4 Bxf4 11.Nxf4 Nf6 12.Rc1 Ke7 13.g3 b6 14.Bg2 Bb7 15.Ne3 Rhd8
16.g4 Rab8 17.g5 Ne8 18.h4 Nd4 19.Ned5+ Kf8 20.h5 Rd6 21.e3 Ne6 22.g6 fxg6
23.hxg6 h6 24.Rc4 N6c7 25.Nxc7 Nxc7 26.Bxb7 Rxb7 27.Re4 Rb8 28.Rh5 Ne8 29.Rd5 Rbd8
30.Ne6+ Rxe6 31.Rf4+ Nf6 32.Rxd8+ Ke7 33.Ra8 a5  1-0

[Event "Bielsko Biala"]
[Site "Bielsko Biala"]
[Date "1988.??.??"]
[Round "3"]
[White "Meister, Peter"]
[Black "Raszka, Janusz"]
[Result "0-1"]
[WhiteElo "2375"]
[BlackElo "2305"]

1.d4 d5 2.c4 dxc4 3.Nf3 a6 4.e3 Nf6 5.a4 e6 6.Bxc4 c5 7.O-O Nc6 8.Qe2 Qc7
9.Nc3 cxd4 10.exd4 Be7 11.Rd1 O-O 12.Bg5 Nb4 13.Rac1 Qa5 14.Ne5 Nfd5 15.Bxe7 Nxe7
16.Bb3 Qd8 17.Qf3 Rb8 18.Ng4 Bd7 19.Ne3 Bc6 20.Qh5 Rc8 21.f4 Qd6 22.Qe5 Qb8
23.Qg5 Ned5 24.Ncxd5 Nxd5 25.Bxd5 Bxd5 26.f5 f6 27.Qg4 Bb3 28.fxe6 Bxd1 29.Rxd1 Rfe8
30.d5 Qe5 31.Qd4 Qxd4 32.Rxd4 g6 33.Kf2 f5 34.Rb4 Re7 35.a5 Kg7 36.Nc4 Kf6
37.b3 Rc5 38.d6 Rxe6 39.d7 Ke7 40.Rxb7 Rd5 41.Nb6 Rxa5 42.Rb8 Ra2+ 43.Kf3 Rd2
44.h4 h6 45.h5 g5 46.Re8+ Kf7 47.d8=Q Rxd8 48.Rxd8 Rxb6 49.b4 Kf6 50.Rd5 g4+
51.Kg3 Kg5 52.Rd4 Rc6 53.Rd5 Rc3+ 54.Kf2 Rc4 55.b5 axb5 56.Rxb5 Rc1 57.Ra5 Rc2+
58.Kg3 Rc3+ 59.Kh2 Rc8 60.Kg3 Rf8 61.Rb5 Kxh5 62.Kf4 Kg6 63.Rb6+ Rf6 64.Rb8 Ra6
65.Rg8+ Kh5 66.Rf8 Ra4+ 67.Kg3 Ra3+ 68.Kf4 Kh4 69.Rg8 Ra2 70.g3+ Kh3 71.Kxf5 Rf2+  0-1

[Event "Bielsko Biala"]
[Site "Bielsko Biala"]
[Date "1988.??.??"]
[Round "10"]
[White "Staniszewski, Piotr"]
[Black "Raszka, Janusz"]
[Result "1/2-1/2"]
[WhiteElo "2440"]
[BlackElo "2305"]

1.d4 d5 2.c4 dxc4 3.Nf3 a6 4.e3 Nf6 5.Bxc4 e6 6.O-O c5 7.a4 Nc6 8.Nc3 cxd4
9.exd4 Be7 10.Be3 Nb4 11.Ne5 O-O 12.Re1 b6 13.Qf3 Rb8 14.Bb3 Bb7 15.Qh3 Nfd5
16.Bd2 Rc8 17.Rac1 Bg5 18.Bxg5 Qxg5 19.Rcd1 Nxc3 20.bxc3 Rxc3 21.Re3 Rxe3
22.fxe3 Bd5 23.e4 Bxe4 24.Nxf7 Rxf7 25.Bxe6 Nd5 26.Bxf7+ Kxf7 27.Qd7+ Qe7
28.Qg4 Nf6 29.Qg3 h5 30.Rc1 Ne8 31.Qf4+ Kg8 32.Re1 Nd6 33.Qe5 Kf7 34.Qxh5+ g6
35.Qe5 b5 36.axb5 axb5 37.Qc5 Qe6 38.Qc7+ Kg8 39.Qd8+ Kg7 40.Qc7+ Kg8 41.Qd8+ Kg7
42.Qc7+  1/2-1/2

[Event "Noviki"]
[Site "Budapest"]
[Date "1988.??.??"]
[Round "?"]
[White "Lukacs, Peter"]
[Black "Mikhalchishin, Adrian"]
[Result "1/2-1/2"]
[WhiteElo "2465"]
[BlackElo "2480"]

1.d4 d5 2.c4 dxc4 3.Nf3 c5 4.e3 cxd4 5.Bxc4 Qc7 6.Qb3 e6 7.exd4 Nc6 8.O-O a6
9.Qd1 Nf6 10.Nc3 Be7 11.Be3 b5 12.Bd3 O-O 13.Rc1 Bb7 14.a4 bxa4 15.Nxa4 Qd8
16.Nc5 Bxc5 17.dxc5 Nd5 18.Bd2 Qd7 19.Re1 f6 20.Qc2 g6 21.Bc4 Rad8 22.Rcd1 Qf7
23.Qa4 Rfe8 24.b4 g5 25.h3 h5 26.Bxa6 Ra8 27.b5 Nb8 28.Qb3 Bxa6 29.bxa6 Nxa6
30.Qc4 Rec8 31.c6 Ne7 32.Qxe6 Qxe6 33.Rxe6 Kf7 34.Rde1 Nxc6 35.Bxg5 fxg5
36.Rxc6 Rxc6 37.Ne5+ Kf6 38.Nxc6 Nc5 39.Rd1 Ne4 40.Re1 Nc5 41.g3 Ra4 42.Rd1 Ne4
43.Rd4 Rxd4 44.Nxd4  1/2-1/2

[Event "BUL-ch"]
[Site "BUL"]
[Date "1988.??.??"]
[Round "?"]
[White "Inkiov, Ventzislav"]
[Black "Semkov, Semko"]
[Result "1/2-1/2"]
[WhiteElo "2490"]
[BlackElo "2470"]

1.d4 d5 2.c4 dxc4 3.Nf3 a6 4.e3 e6 5.Bxc4 Nf6 6.O-O c5 7.a4 Nc6 8.Qe2 cxd4
9.Rd1 Be7 10.exd4 O-O 11.Nc3 Nd5 12.Bxd5 exd5 13.Ne5 Nb4 14.Bf4 Bf5 15.Rac1 Rc8
16.Ng4 Bxg4 17.Qxg4 Rc6 18.Be5 Bg5 19.Ra1 Bh6 20.Qf3 Qa5 21.h4 Re8 22.g4 f6
23.Bg3 Rce6 24.Kh2 g6 25.Qh1 Kf7 26.Qf3 Bf8 27.Bf4 Qd8 28.a5 Bd6 29.Ra4 Bxf4+
30.Qxf4 Nc6 31.Qf3 Rd6 32.b4 Ree6 33.Kg2  1/2-1/2

[Event "Bytom"]
[Site "Bytom"]
[Date "1988.??.??"]
[Round "9"]
[White "Bus, Mariusz"]
[Black "Videki, Sandor"]
[Result "0-1"]
[WhiteElo "2375"]
[BlackElo "2315"]

1.d4 d5 2.c4 dxc4 3.Nf3 c5 4.e3 cxd4 5.Bxc4 Qc7 6.Qb3 e6 7.exd4 Nc6 8.Nc3 a6
9.Qd1 b5 10.Bb3 Nf6 11.O-O Be7 12.Be3 O-O 13.Rc1 Bb7 14.Qe2 Rad8 15.Rfd1 Qb8
16.Bc2 Nb4 17.Bb1 Ng4 18.h3 Nxe3 19.fxe3 g6 20.a3 Nd5 21.Ne4 Nf6 22.Nc5 Bxc5
23.Rxc5 Rc8 24.Rdc1 Nd7 25.R5c3 e5 26.Ba2 exd4 27.exd4 Rxc3 28.Rxc3 Qd6 29.Qf2 Kg7
30.Ng5 Nf6 31.Re3 h6 32.Nf3 Ne4 33.Qh4 g5 34.Qe1 Ng3 35.Qb4 Qxb4 36.axb4 Bxf3
37.gxf3 Kf6 38.Kf2 Nf5 39.Rd3 Rd8 40.d5 Rc8 41.d6 Rd8 42.d7 Ke7 43.Ke2 f6
44.Bb1 Nd6 45.Ra3 Ra8 46.Be4 Nxe4 47.fxe4 Kxd7 48.Ke3 Ke6 49.Rc3 Rd8 50.Rc7 Rd6
51.Rh7 Rc6 52.Rxh6 Rc2 53.b3 Rc3+ 54.Kd4 Rxb3 55.Kc5 Rc3+ 56.Kb6 Rc4 57.Kxa6 Rxb4
58.h4 g4 59.h5 Rxe4 60.Kxb5 g3  0-1

[Event "Calcutta"]
[Site "Calcutta"]
[Date "1988.??.??"]
[Round "?"]
[White "Rogers, Ian"]
[Black "Watson, William N"]
[Result "1-0"]
[WhiteElo "2520"]
[BlackElo "2535"]

1.d4 d5 2.Nf3 c5 3.c4 dxc4 4.d5 e6 5.Nc3 exd5 6.Qxd5 Qxd5 7.Nxd5 Bd6 8.Nd2 Ne7
9.Nxc4 Nxd5 10.Nxd6+ Ke7 11.Nxc8+ Rxc8 12.Bg5+ f6 13.Bd2 Nc6 14.O-O-O Rd8
15.h4 Rd6 16.Rh3 Rad8 17.Rb3 Ndb4 18.Re3+ Kf8 19.a3 Nd5 20.Rb3 Nb6 21.e3 Rd5
22.Rb5 Ne5 23.e4 Rd4 24.Rxc5 Ng4 25.Rf5 Kf7 26.Be2 Rxe4 27.Bc3 Rxd1+ 28.Bxd1 Ke6
29.Ra5 Nxf2 30.Bf3 Rxh4 31.Bxb7 Ra4 32.Rxa4 Nxa4 33.Bd4 Nc5 34.Bxf2 Nd3+
35.Kd2 Nxf2 36.Ke2 Nh1 37.Kf3 Ke5 38.g4 Kd4 39.Ba6 Ke5  1-0

[Event "Dieren op"]
[Site "Dieren"]
[Date "1988.??.??"]
[Round "9"]
[White "Nemet, Ivan"]
[Black "Garcia Palermo, Carlos"]
[Result "1-0"]
[WhiteElo "2425"]
[BlackElo "2455"]

1.d4 d5 2.Nf3 c5 3.c4 dxc4 4.d5 e6 5.Nc3 Ne7 6.e4 exd5 7.exd5 Nf5 8.Bxc4 Be7
9.O-O O-O 10.Ne5 Nd7 11.Bf4 Bd6 12.Re1 Nb6 13.Bf1 f6 14.Nd3 c4 15.Bxd6 Qxd6
16.Nc1 Bd7 17.a4 a5 18.N1a2 Rac8 19.Rc1 Rfd8 20.Ne4 Qf8 21.Nac3 Kh8 22.g3 Qb4
23.Bh3 Re8 24.d6 Rcd8 25.Qh5 Re5 26.Nxf6 gxf6 27.Rxe5 Ng7 28.Qh4 Bxh3 29.Rb5 Qxd6
30.Qxh3 Qc6 31.Rxa5 Ne6 32.Qg2 Nd4 33.Qxc6 bxc6 34.Ra7 Nd5 35.Nxd5 cxd5 36.Kg2 Nb3
37.Re1 d4 38.Ree7 d3 39.Rxh7+ Kg8 40.Rag7+ Kf8 41.h4 Nc5 42.h5 Ne6 43.Rd7 Rxd7
44.Rxd7 Ke8 45.Rd6  1-0

[Event "Dortmund-B"]
[Site "Dortmund"]
[Date "1988.??.??"]
[Round "?"]
[White "Kohlweyer, Bernd"]
[Black "Mainka, Gregor"]
[Result "1-0"]
[WhiteElo "2325"]
[BlackElo "2260"]

1.d4 d5 2.c4 dxc4 3.Nf3 a6 4.e4 b5 5.a4 Bb7 6.axb5 axb5 7.Rxa8 Bxa8 8.Nc3 c6
9.Bg5 h6 10.Bh4 Qb6 11.Be2 e6 12.O-O Be7 13.d5 cxd5 14.exd5 exd5 15.Nxd5 Bxd5
16.Qxd5 Nf6 17.Bxf6 Bxf6 18.b3 O-O 19.bxc4 b4 20.c5 Qc7 21.Qc4 Bc3 22.Nd4 Rc8
23.Nb3 Nd7 24.Rd1 g6 25.Rxd7 Qxd7 26.Bg4 Qd8 27.Bxc8 Qxc8 28.c6 Qc7 29.g3 Be5
30.Kg2 Qb6 31.Qd5 Bc7 32.h3 Qb8 33.Nd4 Qb6 34.Qc4 Qb8 35.Nb5 Qb6 36.Nxc7 Qxc7
37.Qd5 Kf8 38.Qb5 Ke8 39.Kh2 Kd8 40.Qxb4 Qxc6 41.Qf8+ Qe8 42.Qxh6 Qe6 43.Qd2+ Kc7
44.Qd4 f5 45.h4 Kc8 46.Kg2 Qc6+ 47.Kg1 Qe6 48.Kf1 Kc7 49.Qc3+ Kd7 50.Qd3+ Kc7
51.Qe2 Qd5 52.Qe7+ Kc6 53.Ke2 Qb3 54.Qe5 Kd7 55.Qd4+ Kc7 56.Qd3 Qb4 57.Ke3 f4+
58.gxf4 Qe1+ 59.Kf3 Qe6 60.Kg3 Qf6 61.Qd5  1-0

[Event "Eger op"]
[Site "Eger"]
[Date "1988.??.??"]
[Round "?"]
[White "Orso, Miklos"]
[Black "Dischinger, Frank"]
[Result "1/2-1/2"]
[WhiteElo "2375"]
[BlackElo "2200"]

1.d4 d5 2.Nf3 c5 3.c4 dxc4 4.e3 Nf6 5.Bxc4 e6 6.Nc3 Nc6 7.O-O cxd4 8.exd4 Be7
9.a3 O-O 10.Bg5 b6 11.Qd3 Bb7 12.Rad1 Qc7 13.Bb3 Rfd8 14.Rfe1 Rd7 15.Bc2 g6
16.h3 Rad8 17.Qe3 Na5 18.Ne5 Nc4 19.Qf4 Nxe5 20.Qxe5 Nd5 21.Nxd5 Bxd5 22.Bxe7 Rxe7
23.Qf6 Red7 24.Rd2 Qc6 25.f3 Qd6 26.Kf2 Bb7 27.h4 Qf8 28.Bb3 Qg7 29.Qxg7+ Kxg7
30.Ke3 e5 31.Red1 exd4+ 32.Rxd4 Re7+ 33.Kf4 Rxd4+ 34.Rxd4 Bc6 35.Bc4 h6 36.Rd6 Rc7
37.Bd3 Ba4 38.Rd4 Bb3 39.g4 Kf6 40.g5+ hxg5+ 41.hxg5+ Ke7 42.Ke3 Be6  1/2-1/2

[Event "Eppingen BM"]
[Site "Eppingen"]
[Date "1988.??.??"]
[Round "?"]
[White "Schuh, Hubert"]
[Black "Raupp, Thomas"]
[Result "1/2-1/2"]
[WhiteElo "2320"]
[BlackElo "2295"]

1.d4 d5 2.c4 dxc4 3.Nf3 c5 4.d5 e6 5.e4 exd5 6.exd5 Ne7 7.Bxc4 Nf5 8.O-O Be7
9.Nc3 Nd6 10.Bd3 Bf5 11.Bf4 Bxd3 12.Qxd3 O-O 13.Rfe1 Nd7 14.Rad1 a6 15.a4 Rc8
16.Nd2 Nf6 17.b3 Re8 18.h3 Bf8 19.Be5 Nd7 20.Bg3 Nf6 21.Re5 Rxe5 22.Bxe5 Nfe8
23.Nc4 b5 24.axb5 axb5 25.Bxd6 Nxd6 26.Nxd6 Qxd6 27.Ne4 Qd7 28.d6 c4 29.bxc4 bxc4
30.Qd4 h6 31.g4 c3 32.Nxc3  1/2-1/2

[Event "Kecskemet"]
[Site "Kecskemet"]
[Date "1988.??.??"]
[Round "?"]
[White "Yrjola, Jouni"]
[Black "Videki, Sandor"]
[Result "1-0"]
[WhiteElo "2455"]
[BlackElo "2445"]

1.d4 d5 2.c4 dxc4 3.Nf3 c5 4.e4 cxd4 5.Qxd4 Qxd4 6.Nxd4 Bd7 7.Bxc4 Nc6 8.Be3 e6
9.Nd2 a6 10.Nxc6 Bxc6 11.f3 Nf6 12.Kf2 Be7 13.Be2 O-O 14.Rhc1 Bd6 15.g3 Rac8
16.Nb3 Ba4 17.Na5 Be5 18.Nc4 Bc7 19.b3 Bb5 20.a4 Bc6 21.Nb6 Bxb6 22.Bxb6 Nd7
23.Ba5 f5 24.Bc4 fxe4 25.Bxe6+ Kh8 26.f4 Ne5 27.Ke3 Rce8 28.Bh3 Nd3 29.Rc4 Rf7
30.Rd4 h6 31.Bc3 Nc5 32.Rb1 Kh7 33.Rd6 Nd7 34.Be6 Rfe7 35.Bf5+ Kg8 36.Rbd1 Nc5
37.Bg6 Rf8 38.Bb4 Nd3 39.Ba3 Rc8 40.Bf5 Rcc7 41.Rd8+ Re8 42.Rxe8+ Bxe8 43.Bxe4  1-0

[Event "URS-FL56"]
[Site "Klaipeda"]
[Date "1988.??.??"]
[Round "?"]
[White "Guseinov, Aidyn"]
[Black "Mikhalchishin, Adrian"]
[Result "1/2-1/2"]
[WhiteElo "2325"]
[BlackElo "2480"]

1.d4 d5 2.c4 dxc4 3.Nf3 c5 4.e3 cxd4 5.Bxc4 Qc7 6.Qc2 e6 7.Nxd4 Nc6 8.Nxc6 Qxc6
9.O-O Nf6 10.Bd3 Qxc2 11.Bxc2 Bd7 12.Nc3 Bc6 13.Bd2 O-O-O 14.Rfd1 Be7 15.Be1 Rxd1
16.Rxd1 Rd8 17.Rxd8+ Kxd8  1/2-1/2

[Event "Lugano op"]
[Site "Lugano"]
[Date "1988.??.??"]
[Round "?"]
[White "Flear, Glenn C"]
[Black "De la Villa Garcia, Jesus Maria"]
[Result "1-0"]
[WhiteElo "2460"]
[BlackElo "2435"]

1.d4 d5 2.c4 dxc4 3.Nf3 c5 4.d5 Nf6 5.Nc3 e6 6.e4 exd5 7.e5 Be6 8.exf6 Nc6
9.g3 d4 10.Ne4 Qd5 11.Nfg5 Ne5 12.Bg2 h6 13.fxg7 Bxg7 14.Nxe6 Qxe6 15.O-O Nd3
16.Nxc5 Nxc5 17.Re1 Be5 18.Bf4 Nd3 19.Bxe5 Nxe1 20.Qxe1 O-O 21.Bxd4 Qxe1+
22.Rxe1 Rfd8 23.Bxb7 Rab8 24.Bf6 Rd6 25.Be5 Re8 26.Kf1 Rb6 27.Bg2  1-0

[Event "Lvov"]
[Site "Lvov"]
[Date "1988.??.??"]
[Round "?"]
[White "Piket, Jeroen"]
[Black "Lalev, Dimitar"]
[Result "0-1"]
[WhiteElo "2470"]
[BlackElo "2430"]

1.d4 d5 2.Nf3 c5 3.c4 dxc4 4.d5 e6 5.Nc3 exd5 6.Qxd5 Qxd5 7.Nxd5 Bd6 8.e4 Nc6
9.Bxc4 Nf6 10.O-O Be6 11.Re1 O-O-O 12.Bg5 Ne5 13.Nd2 Nxc4 14.Nxc4 Bxd5 15.exd5 Bc7
16.Ne3 Rhe8 17.Rec1 b6 18.b4 Bd6 19.Nf5 Be5 20.Rab1 Rxd5 21.Ne3 Bxh2+ 22.Kxh2 Rxg5
23.Rc2 Re4 24.a4 Rh4+ 25.Kg1 Rgh5 26.g4 Rh1+ 27.Kg2 R5h2+ 28.Kg3 Ne4+ 29.Kf4 Rxb1
30.Kxe4 Rxb4+ 31.Ke5 Rh6 32.Nc4 Kc7 33.f4 Re6+ 34.Kd5 Rxa4 35.g5 Re1 36.f5 Rd1+
37.Ke5 Kc6 38.f6 Rd5+ 39.Kf4 gxf6  0-1

[Event "Lvov"]
[Site "Lvov"]
[Date "1988.??.??"]
[Round "?"]
[White "Karolyi, Tibor Jr"]
[Black "Lalev, Dimitar"]
[Result "1/2-1/2"]
[WhiteElo "2475"]
[BlackElo "2430"]

1.d4 d5 2.c4 dxc4 3.Nf3 c5 4.e4 cxd4 5.Qxd4 Qxd4 6.Nxd4 Bd7 7.Bxc4 Nc6 8.Be3 Rc8
9.Nd2 e6 10.Ke2 Nf6 11.Nxc6 Bxc6 12.Bxa7 Nxe4 13.Nxe4 Bxe4 14.Bb5+ Bc6 15.Bxc6+ Rxc6
16.Rhc1 Bd6 17.Rxc6 bxc6 18.Rc1 Kd7 19.Bc5 Bxc5 20.Rxc5 Ra8 21.a3 Kd6 22.Rc3 c5
23.Kd2 Ra4 24.Rd3+ Kc6 25.Kc3 e5 26.Rd8 Rf4 27.Rd2 Re4 28.b4 cxb4+ 29.axb4 Re1
30.h4  1/2-1/2

[Event "Lvov"]
[Site "Lvov"]
[Date "1988.??.??"]
[Round "?"]
[White "Novikov, Igor A"]
[Black "Karolyi, Tibor Jr"]
[Result "1/2-1/2"]
[WhiteElo "2485"]
[BlackElo "2475"]

1.d4 d5 2.c4 dxc4 3.Nf3 c5 4.d5 e6 5.Nc3 Nf6 6.e4 exd5 7.e5 Nfd7 8.Bg5 f6
9.exf6 gxf6 10.Qxd5 Qe7+ 11.Be3 Nb6 12.Qh5+ Qf7 13.Qh4 Be6 14.O-O-O Nc6 15.Be2 Be7
16.Bh6 Nd7 17.Nd2 O-O-O 18.Nxc4 Nde5 19.Nxe5 fxe5 20.Bg5 Rd4 21.Rxd4 cxd4
22.Ne4 Bxa2 23.Bxe7 Qxe7 24.Qxe7 Nxe7 25.Kd2 Bd5 26.Rc1+ Kb8 27.Nf6 Bxg2
28.Nd7+ Ka8 29.Nxe5 Ng6 30.Nxg6 hxg6 31.Rc4 a6 32.Rxd4 Rxh2 33.Rg4 Bd5 34.Ke3 Rh3+  1/2-1/2

[Event "Naestved op"]
[Site "Naestved"]
[Date "1988.??.??"]
[Round "?"]
[White "Hansen, Lars Bo"]
[Black "Sorensen, Torben"]
[Result "1/2-1/2"]
[WhiteElo "2455"]
[BlackElo "2335"]

1.d4 d5 2.c4 dxc4 3.Nf3 c5 4.d5 e6 5.Nc3 exd5 6.Qxd5 Qxd5 7.Nxd5 Bd6 8.Nd2 Ne7
9.Nxc4 Nxd5 10.Nxd6+ Ke7 11.Nxc8+ Rxc8 12.g3 Nb4 13.Bh3 Rd8 14.O-O N8c6 15.Be3 Nd4
16.Bxd4 Rxd4 17.Rfc1 b6 18.a3 Na6 19.Rc2 Rad8 20.e3 Rd2 21.Rac1 Rxc2 22.Rxc2 Nc7
23.Bg4 a5 24.Kf1 Rd6 25.Ke2 Na6 26.Bc8 Nb8 27.Bf5 Nc6 28.f4 h6 29.h4 Nb8
30.g4 Nc6 31.Be4 Nb8 32.g5 Nc6 33.Rc1 Nb8 34.Bc2 Nc6 35.Ba4 Nb8 36.Rc4 Re6
37.Bb5 Kd6 38.Rc1 Nc6 39.Kf3 Ke7 40.Rg1 hxg5 41.hxg5 Rd6 42.Ke2 Na7 43.Bd3 b5
44.Rh1 c4 45.Be4 Rd8 46.Rh7 Kf8 47.g6 fxg6 48.Bxg6 b4 49.axb4 axb4 50.Rh5 Rd6
51.Be4 Ra6 52.Re5 Rh6 53.Ra5 Nc6 54.Rb5 c3 55.bxc3 bxc3 56.Rc5 Ne7 57.Rxc3 Rb6
58.Rc5 Kf7 59.Bd3 Rc6 60.Ra5 Nc8 61.e4 Rc7 62.e5 g6 63.Be4 Ne7 64.Kf3 Rc1
65.Bd3 Kg7 66.Ra7 Kf8 67.Rb7 Rc3 68.Ke3 Ra3 69.Rb5 Nf5+ 70.Kd2 Ra2+ 71.Ke1 Ra4
72.Rb8+ Kg7 73.Rb7+ Kf8 74.e6 Ne7 75.f5 gxf5 76.Bxf5 Nxf5 77.Rf7+ Ke8 78.Rxf5  1/2-1/2

[Event "National op"]
[Site "?"]
[Date "1988.??.??"]
[Round "?"]
[White "Griego, David W"]
[Black "Dlugy, Maxim"]
[Result "0-1"]
[WhiteElo "2315"]
[BlackElo "2550"]

1.d4 d5 2.c4 dxc4 3.Nf3 a6 4.e4 b5 5.a4 Bb7 6.axb5 axb5 7.Rxa8 Bxa8 8.Nc3 c6
9.Bf4 e6 10.Qa1 Nd7 11.d5 cxd5 12.exd5 Bb4 13.Ne5 Nxe5 14.Bxe5 Nf6 15.Bxf6 gxf6
16.Be2 Qa5 17.Qc1 exd5 18.Qe3+ Be7 19.O-O b4 20.Nd1 Rg8 21.Qh3 d4 22.Bf3 Bxf3
23.Qxf3 Kf8 24.Qe4 Qe5 25.Qxh7 c3 26.bxc3 bxc3 27.Qh6+ Ke8 28.Qh3 f5 29.f4 Qe2
30.Nf2 c2 31.Qxf5  0-1

[Event "Prague Mladi-A"]
[Site "Prague"]
[Date "1988.??.??"]
[Round "2"]
[White "Gerber, Richard"]
[Black "Blagojevic, Dragisa"]
[Result "0-1"]
[WhiteElo "2370"]
[BlackElo "2445"]

1.d4 d5 2.c4 dxc4 3.Nf3 c5 4.e3 Nf6 5.Bxc4 e6 6.O-O a6 7.a4 Nc6 8.Qe2 cxd4
9.Rd1 Be7 10.exd4 O-O 11.Nc3 Nb4 12.Ne5 b6 13.Be3 Bb7 14.f3 Nfd5 15.Bf2 Rc8
16.Nxd5 Bxd5 17.b3 b5 18.axb5 axb5 19.Bxb5 Bxb3 20.Rdb1 Nc2 21.Nc6 Rxc6 22.Bxc6 Nxa1
23.Rxa1 Qc7 24.Qb5 Rc8 25.d5 Rb8 26.Qd3 Bxd5 27.Bxd5 Rd8 28.Qc4 Qe5 29.Bd4 exd5
30.Qc3 Qd6 31.Ra7 f6 32.h3 Qe6 33.Qe3 Kf7 34.Kf2 Rc8 35.Qd2 Qf5 36.Qb4 Qc2+
37.Kg3 Rc7 38.Qa5 Bd6+ 39.Kh4 Qc4 40.Rxc7+ Bxc7 41.Qa7 Kg6 42.g4 Kh6 43.g5+ fxg5+
44.Kg4 Be5  0-1

[Event "Sarajevo"]
[Site "Sarajevo"]
[Date "1988.??.??"]
[Round "?"]
[White "Popchev, Milko"]
[Black "Ninov, Kiril"]
[Result "1/2-1/2"]
[WhiteElo "2470"]
[BlackElo "2495"]

1.d4 d5 2.c4 dxc4 3.Nf3 a6 4.e3 b5 5.a4 Bb7 6.b3 Nf6 7.axb5 axb5 8.Rxa8 Bxa8
9.bxc4 bxc4 10.Bxc4 e6 11.O-O Be7 12.Nc3 O-O 13.Qe2 c5 14.Rd1 Bxf3 15.Qxf3 cxd4
16.Rxd4 Qc8  1/2-1/2

[Event "Sarajevo"]
[Site "Sarajevo"]
[Date "1988.??.??"]
[Round "?"]
[White "Lalic, Bogdan"]
[Black "Marjanovic, Slavoljub"]
[Result "1/2-1/2"]
[WhiteElo "2495"]
[BlackElo "2480"]

1.d4 d5 2.c4 dxc4 3.Nf3 a6 4.e3 Nf6 5.Bxc4 e6 6.Qe2 c5 7.dxc5 Bxc5 8.O-O Qc7
9.a3 Nbd7 10.b4 Bd6 11.Bb2 Ne5 12.Nbd2 b5 13.Bb3 Bb7 14.Rac1 Qb8 15.Nxe5 Bxe5
16.Bxe5 Qxe5 17.Nf3 Qb8 18.Nd4 O-O 19.h3 Rc8 20.Rxc8+ Qxc8 21.Qb2 h6 22.Rc1 Qd7
23.Bd1 Rc8 24.Rxc8+ Qxc8 25.Nb3 Bd5 26.Nc5 Qc6 27.f3 a5 28.Qd4 axb4 29.axb4 Qc7
30.Be2 Qg3 31.Kf1 e5 32.Qd2 e4 33.fxe4 Bxe4 34.Bxb5 Qh2 35.Ke1 Qg3+ 36.Kf1 Qh2
37.Ke1 Qb8 38.Bf1 Bc6 39.Kf2 Qb6 40.Qd4 Be8 41.Kg1 Bc6  1/2-1/2

[Event "Sochi"]
[Site "Sochi"]
[Date "1988.??.??"]
[Round "?"]
[White "Damljanovic, Branko"]
[Black "Watson, William N"]
[Result "0-1"]
[WhiteElo "2565"]
[BlackElo "2500"]

1.d4 d5 2.Nf3 c5 3.c4 dxc4 4.d5 e6 5.Nc3 exd5 6.Qxd5 Qxd5 7.Nxd5 Na6 8.e4 Ne7
9.Ne3 Nc7 10.a4 g6 11.Nxc4 Nc6 12.Be2 Bg7 13.Be3 Ne6 14.e5 O-O 15.Rd1 b6
16.Rd6 Ne7 17.g4 Nc7 18.Ng5 Ned5 19.Bc1 Bb7 20.O-O h6 21.Ne4 Ne8 22.e6 Nxd6
23.Ncxd6 Bc6 24.exf7+ Kh7 25.Bc4 Rad8 26.Rd1 Nf6 27.Nxf6+ Bxf6 28.Bf4 Bxb2
29.Rd3 Bf6 30.Re3 Rd7 31.Re6 Be7 32.Bd3 Rxf7 33.Bxg6+ Kg7 34.Bxf7  0-1

[Event "Thessaloniki ol (Men)"]
[Site "Thessaloniki"]
[Date "1988.??.??"]
[Round "11"]
[White "Semkov, Semko"]
[Black "Lin Ta"]
[Result "1/2-1/2"]
[WhiteElo "2445"]
[BlackElo "2380"]

1.d4 d5 2.c4 dxc4 3.Nf3 a6 4.e3 e6 5.Bxc4 c5 6.O-O Nf6 7.Bd3 Nc6 8.Nc3 cxd4
9.exd4 Be7 10.Bg5 O-O 11.Rc1 Bd7 12.Qd2 Qa5 13.Rfd1 Rfd8 14.Bb1 Be8 15.Qe2 g6
16.h4 Rac8 17.a3 Kg7 18.Ba2 Qf5 19.d5 exd5 20.Bxf6+ Bxf6 21.Nxd5 Rd6 22.Bb1 Qe6
23.Qxe6 Rxe6 24.Nxf6 Rxf6 25.Ba2 h6 26.Ne5 Rc7 27.Re1 Kf8 28.Nf3 Rd7 29.Re3  1/2-1/2

[Event "URS-ch otbor56"]
[Site "Uzhgorod"]
[Date "1988.??.??"]
[Round "?"]
[White "Arbakov, Valentin"]
[Black "Mikhalchishin, Adrian"]
[Result "1/2-1/2"]
[WhiteElo "2415"]
[BlackElo "2480"]

1.d4 d5 2.Nf3 c5 3.c4 dxc4 4.d5 e6 5.Nc3 exd5 6.Qxd5 Qxd5 7.Nxd5 Bd6 8.e4 Nf6
9.Nc3 Nc6 10.Nd2 Be5 11.Bxc4 O-O 12.O-O Be6 13.Be2 Rad8 14.f4 Bd4+ 15.Kh1 Nb4
16.e5 Nfd5 17.Nde4 Nc2 18.Rb1 Nde3 19.Bxe3 Nxe3 20.Rf3 f6 21.exf6 gxf6 22.h3 Kh8
23.Rc1 f5 24.Ng5 Bg8 25.Rg3 Rfe8 26.Nb5 Bxb2 27.Rxc5 Re7 28.Rc7 Rxc7 29.Nxc7 Nd1
30.Nce6 Rd6 31.Bc4 Nf2+ 32.Kg1 Ne4 33.Nxe4 fxe4 34.f5 b5 35.Bb3 Be5 36.Rg4 e3
37.Re4 Bf6 38.Rxe3 a5 39.Re2 a4 40.Bc2 Rc6 41.g4 Rc3 42.Kg2 Bf7 43.Bb1 h6
44.Rc2 Rxc2+ 45.Bxc2 Bxe6 46.fxe6 Kg7 47.Kf3 a3 48.Ke4 b4 49.Kf4 Bh4 50.Kf5  1/2-1/2